| 000 | 00406nam a2200145Ia 4500 | ||
|---|---|---|---|
| 008 | 211109s9999||||xx |||||||||||||| ||und|| | ||
| 082 |
_a894.8123 _bKHA-K |
||
| 100 | _aKhader, U A | ||
| 245 | 0 | _aKadhapole Jeevitham | |
| 260 |
_bD c Books _aKottayam _c1992 |
||
| 300 | _a168p | ||
| 630 | _xGENERAL STACK | ||
| 650 |
_aMalayalam literature _vMalayalam fiction _xLiterature & rhetoricGeneralia |
||
| 942 | _cBOOK | ||
| 999 |
_c45147 _d45147 |
||